Gentes de mi tiempo / (Record no. 186156)
[ view plain ]
| 000 -LEADER | |
|---|---|
| campo de control de longitud fija | 00989nam a2200265 i 4500 |
| 001 - NÚMERO DE CONTROL | |
| campo de control | 186156 |
| 003 - IDENTIFICADOR DE NÚMERO DE CONTROL | |
| campo de control | SpMaBN |
| 005 - FECHA Y HORA DE LA ÚLTIMA TRANSACCIÓN | |
| campo de control | 20240223125340.0 |
| 008 - DATOS DE LONGITUD FIJA--INFORMACIÓN GENERAL | |
| campo de control de longitud fija | 160913s2015 sp |||| |dspa d |
| 020 ## - NÚMERO INTERNACIONAL ESTÁNDAR DEL LIBRO | |
| Número Internacional Estándar del Libro | 9788415973515 |
| 080 ## - NÚMERO DE LA CLASIFICACIÓN DECIMAL UNIVERSAL | |
| Número de la Clasificación Decimal Universal | 821.134.2-83"19" |
| 100 1# - ENTRADA PRINCIPAL--NOMBRE DE PERSONA | |
| Nombre de persona | Azaña, Manuel, |
| Fechas asociadas al nombre | 1880-1940 |
| 9 (RLIN) | 24223 |
| 245 10 - MENCIÓN DEL TÍTULO | |
| Título | Gentes de mi tiempo / |
| Mención de responsabilidad, etc. | Manuel Azaña ; selección, edición y prólogo de José Esteban. |
| 250 ## - MENCION DE EDICION | |
| Mención de edición | 1ª ed. en Reino de Cordelia. |
| 260 ## - PUBLICACIÓN, DISTRIBUCIÓN, ETC. | |
| Lugar de publicación, distribución, etc. | Madrid : |
| Nombre del editor, distribuidor, etc. | Reino de Cordelia, |
| Fecha de publicación, distribución, etc. | 2015. |
| 300 ## - DESCRIPCIÓN FÍSICA | |
| Extensión | 323 p. ; |
| Dimensiones | 20 cm. |
| 490 1# - MENCIÓN DE SERIE | |
| Mención de serie | Literatura Reino de Cordelia ; |
| Designación de volumen o secuencia | 49 |
| 600 14 - PUNTO DE ACCESO ADICIONAL DE MATERIA--NOMBRE DE PERSONA | |
| Nombre de persona | Azaña, Manuel, 1880-1940- |
| Subdivisión general | Pensamiento político |
| 9 (RLIN) | 24227 |
| 700 1# - ENTRADA AGREGADA--NOMBRE PERSONAL | |
| Nombre de persona | Esteban, José, |
| Fechas asociadas al nombre | 1935- |
| 9 (RLIN) | 48033 |
| 830 1# - PUNTO DE ACCESO ADICIONAL DE SERIE-TÍTULO UNIFORME | |
| Título uniforme | Literatura Reino de Cordelia ; |
| Designación de volumen o secuencia | 49 |
| 9 (RLIN) | 225352 |
| 852 ## - LOCALIZACIÓN | |
| Ubicación | ES-MaACL |
| Número de control de estantería | A-13847 |
| itemnumber | 193208 |
| Sublocalización o colección | R.151103 |
| Ubicación en estantería | Depósito 1 |
| Signatura antigua | Olim: N-6847 |
| Donativo/Legado | Donación: José Esteban |
| 903 ## - NOMBRE PERSONAL DE DONANTE | |
| a | Esteban, José, |
| d | 1935- |
| e | Donante |
| 9 | 48033 |
| 942 ## - ELEMENTOS DE ENTRADA SECUNDARIOS (KOHA) | |
| Fuente del sistema de clasificación o colocación | Clasificación decimal universal |
| Tipo de ítem Koha | Libro impreso |
| Estatus retirado | Estado de pérdida | Fuente del sistema de clasificación o colocación | Estado de daño | No para préstamo | Biblioteca de origen | Biblioteca actual | Ubicación en estantería | Fecha de adquisición | Fuente de adquisición | Total de préstamos | Signatura topográfica completa | Código de barras | Visto por última vez | Tipo de ítem Koha |
|---|---|---|---|---|---|---|---|---|---|---|---|---|---|---|
| Clasificación decimal universal | Biblioteca del Ateneo de Madrid | Biblioteca del Ateneo de Madrid | Depósito 1 | 13/09/2016 | Donación | A-13847 | 1196264 | 23/02/2023 | Libro impreso |
